000 00717nam a2200217Ia 4500
001 3867
003 GE_BSU
008 181216s||||||||xx |||||||||||||| ||und||
040 _cGE_BSU
080 _a628.1(07)
100 _aТугай,А.М. Терновцев,В.Е.
245 _aВодо-снабжение: курсовое проектирование.
245 _bУчебн. пособ. для вузов.
245 _cРед. А.И.Черкасенко.
260 _aКиев.
260 _bВища школа, гловное изд-во.
260 _c1980.
300 _a208 стр. 22 см.
653 _aВодо-снабжение: курсовое проектирование.
942 _cBK
999 _c37889
_d37889